Incremental costs of wetland conservation: (Registro nro. 1046)

Detalles MARC
000 -CABECERA
Campo de control 00852nam a2200229 a 4500
005 - FECHA Y HORA DE LA ULTIMA TRANSACCION
Campo de control 20151111160714.0
008 - ELEMENTOS DE LONGITUD FIJA—INFORMACION GENERAL
Campo de control 140224b1997 -Us||||| |||| 00| 0 eng d
040 ## - FUENTE DE CATALOGACIÓN
Agencia catalogadora original CO-BoIAVH
Agencia transcriptora CO-BoIAVH
041 ## - IDIOMA
Código de idioma para texto/pista de sonido o título separado Inglés
044 ## - PAÍS DE PUBLICACIÓN
País de publicación Estados Unidos
082 04 - NUMERO DE CLASIFICACION DECIMAL DEWEY
Número de clasificación LIB-333.91816
Número del ítem I37i
245 00 - MENCION DE TITULO
Título Incremental costs of wetland conservation:
Parte restante del título case studies in Asia and the Pacific
Mención de responsabilidad edited by Kenneth King and Wim Giesen
260 ## - PUBLICACION, DISTRIBUCION, ETC. (PIE DE IMPRENTA)
Lugar de publicación, distribución, etc. Washington:
Nombre del editor, distribuidor, etc. Wetlands Internacional,
-- Global Environmental Facility,
Fecha de publicación, distribución, etc. 1997.
300 ## - DESCRIPCION FISICA
Extensión 120 p.
Dimensiones 24 cm.
650 16 - ASIENTO SECUNDARIO DE MATERIA - TERMINO TEMATICO
Término temático o nombre geográfico como elemento de entrada Conservación de humedales
9 (RLIN) 41386
650 26 - ASIENTO SECUNDARIO DE MATERIA - TERMINO TEMATICO
Término temático o nombre geográfico como elemento de entrada Humedales
Subdivisión general Economía de los recursos
-- Conservación
9 (RLIN) 41387
650 26 - ASIENTO SECUNDARIO DE MATERIA - TERMINO TEMATICO
Término temático o nombre geográfico como elemento de entrada Humedales
Subdivisión general Conservación
9 (RLIN) 41388
650 26 - ASIENTO SECUNDARIO DE MATERIA - TERMINO TEMATICO
Término temático o nombre geográfico como elemento de entrada Biodiversidad
Subdivisión general Conservación
9 (RLIN) 41389
700 1# - ASIENTO SECUNDARIO - NOMBRE PERSONAL
Nombre personal King, Kenneth
Término de relación editora
9 (RLIN) 41390
700 1# - ASIENTO SECUNDARIO - NOMBRE PERSONAL
Nombre personal Giesen, Wim
Término de relación editor
9 (RLIN) 41391
942 ## - ELEMENTOS ADICIONALES (KOHA)
Tipo de ítem Libro
Sistema de clasificación Dewey Decimal Classification
Existencias
Withdrawn status Lost status Sistema de Clasificación Damaged status No para préstamo Colección Inventariado Ubicación Permanente Ubicación actual Fecha de adquisición Fuente de Valor Valor Total Checkouts Número topográfico Inventario / Código de Barras Date last seen Ejemplar Price effective from Forma de adquisición Tipo de material
    Dewey Decimal Classification     General Inventariado 2017 Bogotá Bogotá 14/01/1999 Instituto 39000.00   LB-333.91816 I37i 001435 04/12/2012 Ej. 1 04/12/2012   Libro